All K-Pop Groups (2024) - Statistics

General Stats
  • This quiz has been taken 92 times
  • The average score is 56 of 192
Answer Stats
Answer % Correct
Block b
100%
Miss A
94%
BLACKPINK
91%
BTS
90%
Stray Kids
85%
Twice
85%
TXT
81%
aespa
79%
NewJeans
79%
Super M
79%
NCT
76%
Red Velvet
76%
SEVENTEEN
76%
BABYMONSTER
75%
ITZY
75%
Enhypen
73%
Le Sserafim
73%
BIGBANG
70%
GIDLE
70%
IVE
70%
ILLIT
69%
ATEEZ
67%
BOYNEXTDOOR
67%
F(X)
66%
EXO
64%
Wonder Girls
64%
MAMAMOO
63%
Oh My Girl
61%
Shinee
61%
ZEROBASEONE
61%
2NE1
58%
2PM
57%
NMIXX
57%
2AM
54%
IZONE
52%
Purple Kiss
52%
Fromis_9
51%
RIIZE
49%
BB GIRLS
48%
BROWN EYED GIRLS
48%
GOT7
48%
P1HARMONY
48%
DREAMCATCHER
46%
KISS OF LIFE
46%
Wanna One
46%
Apink
45%
ASTRO
45%
DAY6
42%
IKON
42%
KEP1ER
42%
Loona
42%
MONSTA X
42%
TREASURE
42%
Momoland
40%
The Boyz
40%
TWS
40%
ViV
40%
BTOB
39%
ONEUS
39%
Class:y
37%
Everglow
37%
GFRIEND
37%
KARD
37%
VIVIZ
37%
Cravity
34%
SNSD
34%
STAYC
34%
TripleS
34%
4Minute
33%
Fifty Fifty
33%
TVXQ
33%
XDINARY HEROES
33%
AOA
31%
KARA
31%
XIKERS
31%
Loossemble
30%
MEOVV
30%
BLACKSWAN
28%
CLC
28%
IOI
28%
T-ARA
28%
BILLIE
27%
ARTMS
25%
H.O.T
24%
IZNA
24%
X:IN
24%
CHERRY BULLET
22%
EXID
22%
NU’EST
22%
WJSN
22%
8TURN
21%
Sistar
21%
VIXX
21%
Weeekly
21%
AB6IX
19%
A.C.E
19%
After School
19%
BADVILLAIN
19%
CIX
19%
Golden Child
19%
SF9
19%
EPEX
18%
GOT THE BEAT
18%
Orange Caramel
18%
The Rose
18%
TRI.BE
18%
UNIS
18%
JUSTB
16%
ONLYONEOF
16%
TEMPEST
16%
Weki Meki
16%
Young Posse
16%
ELAST
15%
GUGUDAN
15%
ONEWE
15%
S.E.S
15%
APRIL
13%
H1-KEY
13%
INFINITE
13%
MCND
13%
OMEGA X
13%
ONF
13%
PIXY
13%
WEI
13%
Nature
12%
Pink Fantasy
12%
Rescene
12%
Secret Number
12%
The New Six
12%
9MUSES
10%
ATBO
10%
DREAMNOTE
10%
DRIPPIN
10%
Fiestar
10%
LAPILLUS
10%
Limelight
10%
LOVELYZ
10%
MAVE
10%
PRISTIN
10%
DKB
9%
DKZ
9%
GHOST9
9%
Lightsum
9%
PLAVE
9%
Vanner
9%
VERIVERY
9%
WOOAH
9%
ALICE
7%
BUGABOO
7%
BVNDIT
7%
Cignature
7%
DIA
7%
ICHILLIN
7%
MADEIN
7%
Rocket Punch
7%
CRAXY
6%
EL7ZUP
6%
HOT ISSUE
6%
ILY:1
6%
MIRAE
6%
TRENDZ
6%
UNIT
6%
BEWAVE
4%
Candy Shop
4%
CSR
4%
HELLOVENUS
4%
MIMIIROSE
4%
N.FLYING
4%
NINE.i
4%
SPICA
4%
The Wind
4%
BERRYGOOD
3%
HOTSHOT
3%
LABOUM
3%
Rocking Doll
3%
Stellar
3%
VVUP
3%
Geenius
1%
GSWN
1%
Ladies Cod
1%
MAMADOL
1%
MINX
1%
PRIMROSE
1%
QUEENZEYE
1%
Rolling Quartz
1%
TAN
1%
4iren
0%
ADYA
0%
DALSHABET
0%
SPIA
0%
Unicode
0%
No matching quizzes found
Score Distribution
Percent of People with Each Score
Percentile by Number Answered
Your Score History
You have not taken this quiz